MARC

LEADER 00000nam0a2200000 4500
001 249624
005 20231101232505.0
010 |a 5776600529 
020 |a RU  |b 89-7599 
035 |a (RuTPU)RU\TPU\book\271717 
090 |a 249624 
100 |a 20140206d1988 u a0rusy5003 ca 
101 0 |a rus 
102 |a UA 
105 |a y g 001zy 
200 1 |a Справочник гальваника  |f под ред. Б. И. Байрачного 
210 |a Харьков  |c Прапор  |d 1988 
215 |a 173 с. 
320 |a Библиогр.: с. 180 (12 назв.) 
320 |a Предм. указ.: с. 175-179. 
606 1 |a Гальванотехника  |2 stltpush  |3 (RuTPU)RU\TPU\subj\5533  |9 33586 
610 1 |a справочники 
610 1 |a неорганические покрытия 
610 1 |a гальванические покрытия 
610 1 |a электроосаждение 
610 1 |a оборудование 
610 1 |a материалы 
610 1 |a расчеты 
610 1 |a нормы 
610 1 |a технологические параметры 
610 1 |a охрана труда 
610 1 |a техника безопасности 
675 |a 621.357(035)  |z rus 
702 1 |a Байрачный  |b Б. И.  |g Борис Иванович  |4 340 
801 0 |a RU  |b RuMRKP  |c 19950417  |g psbo 
801 1 |a RU  |b 63413507  |c 20140206 
801 2 |a RU  |b 63413507  |c 20140219  |g RCR 
942 |c BK